00887nam a2200181 a 450000100100000000500170001000800410002704000250006804100390009308200130013210000210014524000910016624501800025726001080043730000210054553401050056670000340067100002392220200930022555.0110117s1970 mx 000 0 spa d aDO-SdBNPbspacBNPHU17aspaheng2Código de idiomas MARC ann*bnn*1 aNowak, Norman D.10aTax administration in theory and practice, with special reference to Chile.lEspañol10aTeoría y práctica de la administración fiscal :bproyecto de modernización del servicio de impuestos de Chile /cNorman D. Nowak ; traducción Mauricio Kitaigorodzki. aMéxico, D. F. :bCentro Regional de Ayuda Técnica. Agencia para el Desarrollo Internacional,c1970. a230 p. ;c23 cm. a[Título en inglés] :tTax administration in theory and practice, with special reference to Chile1 aKitaigorodzki, Mauricio,etr.